000 00367 a2200169 4500
001 172099
020 _a85-262-2032-2
040 _cMagnum
100 _aCarr, Stella
240 1 0 _aEstranhas luzes no bosque
_lpor
245 1 0 _aEstranhas luzes no bosque
300 _a120
362 0 _a1993
440 1 _aScipione
697 _aLITERATURA JUVENIL
942 _cBK
999 _c172099
_d172099